O bispado de Mondoñedo na idade media : territorio, comunidade e poder /
Gespeichert in:
| 1. Verfasser: | |
|---|---|
| Format: | Elektronisch E-Book |
| Sprache: | Galicisch |
| Veröffentlicht: |
Santiago de Compostela : Madrid :
Instituto de Estudios Gallegos Padre Sarmiento ; Consejo Superior de Investigaciones Científicas,
2019.
|
| Schriftenreihe: | Cuadernos de estudios gallegos. Anejo ;
49. |
| Schlagworte: | |
| Online-Zugang: | Digitalia Hispánica |
| Tags: |
Tag hinzufügen
Keine Tags, Fügen Sie den ersten Tag hinzu!
|
MARC
| LEADER | 00000nam a2200000 i 4500 | ||
|---|---|---|---|
| 001 | DIGCSIC0647 | ||
| 003 | NyNyDIG | ||
| 007 | cr ||||||||||| | ||
| 008 | 230517s2019 sp ab ob 000 0 glg d | ||
| 006 | m o d | ||
| 035 | |a (OCoLC)1380642943 | ||
| 040 | |a DGITA |b eng |e rda |e pn |c DGITA | ||
| 020 | |a 9788400106058 |q eBook |q vol. 1 | ||
| 020 | |a 9788400106065 |q eBook |q vol. 2 | ||
| 020 | |a 9788400106072 |q eBook |q obra completa | ||
| 020 | |z 9788400106027 |q vol. 1 | ||
| 020 | |z 9788400106034 |q vol. 2 | ||
| 020 | |z 9788400106041 |q obra completa | ||
| 024 | 7 | |a 833-20-017-5 |q eNIPO |2 nipo | |
| 024 | 7 | |z 833-20-016-X |2 nipo | |
| 043 | |a e-po--- |a e-sp--- | ||
| 050 | 1 | 4 | |a DP402.M5185 ebook |
| 100 | 1 | |a González Paz, Carlos Andrés, |e author. | |
| 245 | 1 | 2 | |a O bispado de Mondoñedo na idade media : |b territorio, comunidade e poder / |c Carlos Andrés González Paz. |
| 264 | 1 | |a Santiago de Compostela : |b Instituto de Estudios Gallegos Padre Sarmiento ; |a Madrid : |b Consejo Superior de Investigaciones Científicas, |c 2019. | |
| 300 | |a 1 online resource : |b illustrations, (some color), maps. | ||
| 336 | |a text |b txt |2 rdacontent | ||
| 337 | |a computer |b c |2 rdamedia | ||
| 338 | |a online resource |b cr |2 rdacarrier | ||
| 347 | |a text file |2 rdaft | ||
| 347 | |b PDF | ||
| 490 | 1 | |a Anejos de Cuadernos de Estudios Gallegos ; |v XLIX | |
| 504 | |a Includes bibliographical references. | ||
| 588 | 0 | |a Online resource; title from PDF title page (Digitalia, viewed May 17, 2023) | |
| 651 | 0 | |a Mondoñedo (Spain) |x History. | |
| 791 | 2 | |a Digitalia (Firm), |e distributor. | |
| 793 | 0 | |g Digitalia eBook Collection: |a Editorial CSIC | |
| 776 | 0 | 8 | |i Print version: |a González Paz, Carlos Andrés. |t Bispado de Mondoñedo na idade media. |d Santiago de Compostela : Instituto de Estudios Gallegos Padre Sarmiento ; Madrid : Consejo Superior de Investigaciones Científicas, 2019 |z 9788400106041 |
| 830 | 0 | |a Cuadernos de estudios gallegos. |p Anejo ; |v 49. | |
| 856 | 4 | 0 | |3 Digitalia Hispánica |u https://digitalia.unach.elogim.com/a/115392/ |
| 910 | |a Premium collection: 2023 | ||